[Event "IX Festival A"]
[Site "Campobasso ITA"]
[Date "2002.07.13"]
[Round "4"]
[White "Decataldo, Alba"]
[Black "Passerotti, Pierluigi"]
[Result "0-1"]
[WhiteElo "1899"]
[BlackElo "2284"]
[PlyCount "50"]
[EventDate "2002.07.12"]

1. e4 c5 2. c3 d6 3. d4 Nf6 4. Bd3 e5 5. d5 Nbd7 6. Nf3 Be7 7. O-O O-O 8. Re1
Kh8 9. Nbd2 g6 10. Nc4 Nh5 11. Bh6 Rg8 12. Qd2 f6 13. Be3 Ng7 14. b4 b6 15. a3
Rb8 16. h3 Rb7 17. Nh2 f5 18. exf5 gxf5 19. Qd1 Nf6 20. Bc2 f4 21. Bc1 Nf5 22.
Nf3 Bf8 23. Kh2 Rbg7 24. Rg1 e4 25. Ne1 Ng4+ 0-1

[Event "IX Festival A"]
[Site "Campobasso ITA"]
[Date "2002.07.13"]
[Round "4"]
[White "Di Giulio, Massimo"]
[Black "Parrotta, Daniele"]
[Result "1/2-1/2"]
[WhiteElo "1651"]
[BlackElo "1768"]
[PlyCount "28"]
[EventDate "2002.07.12"]

1. b3 e5 2. Bb2 d6 3. e3 Nc6 4. Bb5 Bd7 5. Nc3 Nf6 6. Nf3 g6 7. d4 e4 8. d5
exf3 9. dxc6 bxc6 10. Ba4 fxg2 11. Rg1 Bg7 12. Qf3 a5 13. O-O-O O-O 14. Rxg2
Qe7 1/2-1/2

[Event "IX Festival A"]
[Site "Campobasso ITA"]
[Date "2002.07.13"]
[Round "4"]
[White "Failli, Riccardo"]
[Black "Gardon, Ermanno"]
[Result "0-1"]
[WhiteElo "1780"]
[BlackElo "2108"]
[PlyCount "114"]
[EventDate "2002.07.12"]

1. e4 e5 2. Bc4 Bc5 3. d3 Nf6 4. Nf3 Nc6 5. c3 O-O 6. b4 Bb6 7. Bg5 d6 8. a4 a6
9. Nbd2 Be6 10. O-O Qe7 11. Re1 Ba7 12. Qb3 Nd8 13. Nf1 c6 14. Ne3 Bxc4 15.
Qxc4 Ne6 16. Nf5 Qd8 17. Bh4 Nf4 18. Rad1 Ng6 19. Bg3 Ne7 20. Ne3 Nh5 21. Bh4
Qc7 22. d4 Ng6 23. Bg3 Nxg3 24. hxg3 exd4 25. cxd4 Rad8 26. b5 axb5 27. axb5
Rc8 28. Rc1 Qd7 29. bxc6 bxc6 30. Qa6 Rc7 31. Rc2 Re8 32. Rec1 Rec8 33. Nc4 Rb8
34. e5 d5 35. Nd6 Rb6 36. Qa3 h6 37. Rc5 Nf8 38. Ra5 Ne6 39. Ra1 Bb8 40. Ra8 c5
41. Qa2 cxd4 42. Rb1 Qd8 43. Rxb6 Rc1+ 44. Kh2 Qxb6 45. Qxd5 Qb1 46. g4 Qb4 47.
Nxf7 Kxf7 48. Qd7+ Qe7 49. Qxe7+ Kxe7 50. Rxb8 d3 51. Rb7+ Ke8 52. Rb2 Rc2 53.
Rb3 Nc5 54. Rb1 Ne4 55. Ne1 Rc3 56. Rb4 d2 57. Rb1 Rc1 0-1

[Event "IX Festival A"]
[Site "Campobasso ITA"]
[Date "2002.07.13"]
[Round "4"]
[White "Ficco, Corrado"]
[Black "Kasparov, Sergey"]
[Result "1/2-1/2"]
[WhiteElo "2124"]
[BlackElo "2462"]
[PlyCount "86"]
[EventDate "2002.07.12"]

1. e4 c6 2. d4 d5 3. Nc3 dxe4 4. Nxe4 Bf5 5. Ng3 Bg6 6. h4 h6 7. Nf3 Nd7 8. h5
Bh7 9. Bd3 Bxd3 10. Qxd3 e6 11. Bd2 Ngf6 12. O-O-O Be7 13. Kb1 O-O 14. c4 Qb8
15. Ne4 b5 16. Nxf6+ Nxf6 17. Ne5 bxc4 18. Qxc4 Rc8 19. g4 Qb5 20. Rc1 Bf8 21.
f4 Qxc4 22. Rxc4 c5 23. Rhc1 Rd8 24. Be3 Nd5 25. Bd2 Nb6 26. R4c2 Rxd4 27. Be3
Re4 28. Bxc5 Rxf4 29. Bxb6 axb6 30. Rc8 Rxc8 31. Rxc8 Rd4 32. Nc6 Rd7 33. Ne5
Rd1+ 34. Kc2 Rd5 35. Nc6 Rc5+ 36. Kd3 f5 37. gxf5 exf5 38. Ne7+ Kf7 39. Rxc5
bxc5 40. Nxf5 g6 41. hxg6+ Kxg6 42. Nxh6 Bxh6 43. Kc4 Bc1 1/2-1/2

[Event "IX Festival A"]
[Site "Campobasso ITA"]
[Date "2002.07.13"]
[Round "4"]
[White "Gagliardi, Pietro"]
[Black "Rossi, Aldo A."]
[Result "0-1"]
[WhiteElo "2205"]
[BlackElo "1713"]
[PlyCount "60"]
[EventDate "2002.07.12"]

1. e4 c5 2. Nf3 d6 3. d4 cxd4 4. Nxd4 Nf6 5. Nc3 g6 6. Be3 Bg7 7. f3 O-O 8. Qd2
Nc6 9. Bc4 Bd7 10. h4 Ne5 11. Bb3 Rc8 12. O-O-O Qa5 13. Kb1 Nc4 14. Bxc4 Rxc4
15. Nd5 Qxd2 16. Nxe7+ Kh8 17. Rxd2 Re8 18. b3 Rc3 19. Nxg6+ fxg6 20. Bf4 d5
21. Ne2 Rc5 22. Bd6 Rc6 23. e5 Bh6 24. Rdd1 Rxd6 25. exd6 Rxe2 26. g4 Bg7 27.
g5 Bf5 28. gxf6 Bxc2+ 29. Kc1 Bh6+ 30. Rd2 Bf5 0-1

[Event "IX Festival A"]
[Site "Campobasso ITA"]
[Date "2002.07.13"]
[Round "4"]
[White "Gaoni, Vincenzo"]
[Black "Cappai, Davide"]
[Result "0-1"]
[WhiteElo "1755"]
[BlackElo "1774"]
[PlyCount "74"]
[EventDate "2002.07.12"]

1. e4 c5 2. Nf3 Nc6 3. Bb5 g6 4. O-O Bg7 5. Re1 a6 6. Bxc6 dxc6 7. h3 e5 8. c3
Ne7 9. d3 b6 10. Na3 O-O 11. Nc4 Qc7 12. Ne3 Be6 13. Nc2 Rad8 14. Qe2 Rd7 15.
Be3 Rfd8 16. Rad1 Bxa2 17. d4 cxd4 18. cxd4 b5 19. Nb4 Bc4 20. Qd2 exd4 21. Bf4
Qb6 22. Ne5 Ra7 23. Rc1 c5 24. Nxc4 bxc4 25. Nd5 Nxd5 26. exd5 Qb7 27. Rxc4
Qxd5 28. Rec1 Bf8 29. Bg5 Re8 30. Bh6 Bd6 31. b4 Rae7 32. bxc5 Qxc4 33. cxd6
Qxc1+ 34. Qxc1 Re1+ 35. Qxe1 Rxe1+ 36. Kh2 Re6 37. Bf4 Kf8 0-1

[Event "IX Festival A"]
[Site "Campobasso ITA"]
[Date "2002.07.13"]
[Round "4"]
[White "Genocchio, Daniele"]
[Black "Voiska, Margarita"]
[Result "0-1"]
[WhiteElo "2372"]
[BlackElo "2356"]
[PlyCount "92"]
[EventDate "2002.07.12"]

1. e4 d6 2. Nc3 Nf6 3. d4 e5 4. Nf3 Nbd7 5. Bc4 Be7 6. O-O O-O 7. Re1 c6 8. a4
b6 9. h3 a6 10. Bf1 Rb8 11. b3 b5 12. Bb2 Bb7 13. Qd3 Re8 14. g3 Bf8 15. Bg2 b4
16. Na2 a5 17. dxe5 dxe5 18. Rad1 Qb6 19. Nd2 Ba6 20. Qf3 Qc7 21. Bf1 Bxf1 22.
Kxf1 Nb6 23. c3 c5 24. c4 Rbd8 25. Kg2 Qc6 26. Nc1 g6 27. Nd3 Nbd7 28. Qe2 Nh5
29. Nf1 f6 30. f3 Bh6 31. Nf2 Nf8 32. Ng4 Bg7 33. Nfe3 Ne6 34. Rxd8 Rxd8 35.
Nd5 Qb7 36. Kh2 Re8 37. Qd2 Nd4 38. Bxd4 exd4 39. Nf2 Qb8 40. f4 f5 41. e5 Kf7
42. Kg2 Bf8 43. Nd3 Re6 44. Rg1 Qc8 45. Kf2 Be7 46. Ne1 Bd8 0-1

[Event "IX Festival A"]
[Site "Campobasso ITA"]
[Date "2002.07.13"]
[Round "4"]
[White "Lettieri, Giuseppe"]
[Black "Gerardi, Saverio"]
[Result "0-1"]
[WhiteElo "1711"]
[BlackElo "2146"]
[PlyCount "64"]
[EventDate "2002.07.12"]

1. e4 c5 2. c3 e6 3. d4 Nf6 4. Bg5 Be7 5. Bxf6 Bxf6 6. Nf3 b6 7. Bd3 Bb7 8. O-O
Nc6 9. e5 Be7 10. Nbd2 cxd4 11. cxd4 d6 12. Bb5 O-O 13. Rc1 Nb4 14. Qb3 dxe5
15. dxe5 Rc8 16. a3 Rxc1 17. Rxc1 Nd5 18. Nb1 h6 19. Nc3 Nf4 20. Ne2 Nd5 21.
Ned4 Qb8 22. Bc6 Rc8 23. Rc2 Bc5 24. Bxb7 Qxb7 25. Qd3 a5 26. g3 Rd8 27. Rd2
Ne7 28. Qe2 Ng6 29. Nb3 Be7 30. Rxd8+ Bxd8 31. Nfd4 Qd5 32. f4 a4 0-1

[Event "IX Festival A"]
[Site "Campobasso ITA"]
[Date "2002.07.13"]
[Round "4"]
[White "Lorusso, Lucio"]
[Black "Santurbano, Maria Vincenza"]
[Result "1/2-1/2"]
[WhiteElo "1902"]
[BlackElo "1743"]
[PlyCount "93"]
[EventDate "2002.07.12"]

1. e4 c5 2. c3 d5 3. exd5 Qxd5 4. Nf3 e5 5. Bb5+ Bd7 6. Qe2 Bxb5 7. Qxb5+ Nd7
8. O-O Ngf6 9. c4 Qc6 10. Qxc6 bxc6 11. Re1 Bd6 12. d4 cxd4 13. Nxd4 O-O 14.
Nxc6 Rfc8 15. Na5 Bb4 16. Bd2 Bxa5 17. Bxa5 Rxc4 18. Bc3 Re8 19. Nd2 Rcc8 20.
Ne4 Nxe4 21. Rxe4 f6 22. Ra4 Rc7 23. Rd1 Kf7 24. f3 Nc5 25. Rc4 Ne6 26. Rxc7+
Nxc7 27. Bb4 Rb8 28. Rd7+ Ke6 29. Rxc7 Rxb4 30. b3 a5 31. Rxg7 a4 32. Rxh7 axb3
33. axb3 Rxb3 34. Rg7 Rb8 35. g4 Rb1+ 36. Kg2 Rb2+ 37. Kg3 Rb3 38. Rg8 Kf7 39.
Ra8 e4 40. Kf4 exf3 41. Ra2 Kg6 42. Rf2 Rb4+ 43. Kg3 f5 44. gxf5+ Kxf5 45.
Rxf3+ Kg5 46. Rc3 Rg4+ 47. Kf3 1/2-1/2

[Event "IX Festival A"]
[Site "Campobasso ITA"]
[Date "2002.07.13"]
[Round "4"]
[White "Petruccioli, Antonio"]
[Black "Stromboli, Ettore"]
[Result "1-0"]
[WhiteElo "2078"]
[BlackElo "1771"]
[PlyCount "122"]
[EventDate "2002.07.12"]

1. e4 e6 2. d4 d5 3. e5 c5 4. c3 Nc6 5. Nf3 Qb6 6. a3 a5 7. Bd3 Bd7 8. dxc5
Bxc5 9. O-O Nge7 10. Qe2 a4 11. Nbd2 Na5 12. Ng5 h6 13. Ngf3 f5 14. exf6 gxf6
15. c4 O-O-O 16. cxd5 Nxd5 17. Nc4 Nxc4 18. Bxc4 Nc7 19. Bf4 e5 20. Bg3 Ne6 21.
Rab1 Nd4 22. Nxd4 Bxd4 23. b3 Bf5 24. Rbc1 Kb8 25. b4 h5 26. Bh4 Rh6 27. Kh1
Rd7 28. Bb5 Rg7 29. Bxa4 Rg4 30. g3 e4 31. Qb5 Qxb5 32. Bxb5 e3 33. f3 Rg7 34.
Kg2 Re7 35. Rfd1 Bb6 36. Rd6 Re6 37. Rxe6 Bxe6 38. Kf1 Bh3+ 39. Ke2 Rg6 40. a4
f5 41. a5 Ba7 42. Bd7 Rg8 43. Bf6 Ka8 44. Rc8+ Rxc8 45. Bxc8 Kb8 46. Be6 Kc7
47. b5 Bc5 48. Be5+ Kd8 49. Bf4 Bd4 50. Bd5 Bc3 51. a6 bxa6 52. bxa6 Bd4 53.
Bxe3 Bf1+ 54. Kf2 Bxe3+ 55. Kxe3 Bxa6 56. Be6 Ke7 57. Bxf5 Kf6 58. Kf4 Be2 59.
Be4 Bc4 60. h4 Be2 61. Ke3 Bd1 1-0

[Event "IX Festival A"]
[Site "Campobasso ITA"]
[Date "2002.07.13"]
[Round "4"]
[White "Ragnoni, Alessandro"]
[Black "Stromboli, Carlo"]
[Result "1-0"]
[WhiteElo "1756"]
[BlackElo "1846"]
[PlyCount "93"]
[EventDate "2002.07.12"]

1. e4 e6 2. f4 d5 3. e5 c5 4. Nf3 Nc6 5. c3 Qb6 6. d3 Bd7 7. Na3 Nh6 8. Nc2 Be7
9. Be2 Nf5 10. a3 O-O 11. g4 Nh4 12. O-O Ng6 13. Qe1 Na5 14. h4 Nb3 15. h5 Nxa1
16. Nxa1 Nh8 17. Qg3 f5 18. Kh2 Qd8 19. Rg1 Qe8 20. Ng5 Bxg5 21. fxg5 fxg4 22.
Bxg4 Qf7 23. Be3 b6 24. Nb3 Rad8 25. Nc1 d4 26. cxd4 cxd4 27. Bxd4 Bb5 28. Ne2
Rfe8 29. Rg2 Re7 30. Rf2 Qe8 31. Qh3 Nf7 32. Qe3 Qd7 33. h6 Bxd3 34. Rxf7 Rxf7
35. Qxd3 g6 36. Qe3 Qd5 37. Bc3 Rdf8 38. Kg3 Qd7 39. Qe4 a5 40. Qe3 Qc6 41. Bf3
Qc7 42. Bg4 Qc6 43. Nd4 Qc4 44. Bxe6 Qc7 45. Bxf7+ Qxf7 46. e6 Qe7 47. Nc6 1-0

[Event "IX Festival A"]
[Site "Campobasso ITA"]
[Date "2002.07.13"]
[Round "4"]
[White "Rossetti, Giovanni"]
[Black "Lorusso, Giuseppe"]
[Result "0-1"]
[WhiteElo "1827"]
[BlackElo "1708"]
[PlyCount "92"]
[EventDate "2002.07.12"]

1. d4 Nf6 2. c4 c5 3. Nf3 cxd4 4. Nxd4 Nc6 5. Nc3 g6 6. e4 d6 7. Be2 Bg7 8. Be3
O-O 9. Qd2 Re8 10. f3 Nd7 11. g4 Nc5 12. h4 Nxd4 13. Bxd4 Bxd4 14. Qxd4 Qa5 15.
Kf2 Ne6 16. Qe3 Qc5 17. Nd5 Qxe3+ 18. Kxe3 Bd7 19. g5 Rac8 20. b3 Nc7 21. Nxc7
Rxc7 22. h5 Rec8 23. Rh2 Kg7 24. Rah1 Rg8 25. hxg6 hxg6 26. Rh7+ Kf8 27. f4 Be6
28. Bd3 Rc5 29. Rf1 Bd7 30. Rg1 Ke8 31. b4 Rc6 32. f5 Kf8 33. Kd4 Ra6 34. Rg2
Ra4 35. fxg6 Rxg6 36. Rf2 Be6 37. Rh5 Rxb4 38. Kc3 Rb6 39. e5 Rg8 40. g6 Ke8
41. gxf7+ Bxf7 42. Rh7 Rf8 43. exd6 Rxd6 44. c5 Rxd3+ 45. Kxd3 Bg6+ 46. Ke3
Rxf2 0-1

[Event "IX Festival A"]
[Site "Campobasso ITA"]
[Date "2002.07.13"]
[Round "4"]
[White "Sacchini, Marco"]
[Black "Shytaj, Carlo"]
[Result "0-1"]
[WhiteElo "2047"]
[BlackElo "2112"]
[PlyCount "110"]
[EventDate "2002.07.12"]

1. d4 Nf6 2. c4 e6 3. Nc3 Bb4 4. a3 Bxc3+ 5. bxc3 c5 6. e3 b6 7. Bd3 Bb7 8. f3
Nc6 9. Ne2 Na5 10. e4 Ba6 11. e5 Ng8 12. Ng3 Bxc4 13. Ne4 Bxd3 14. Nd6+ Kf8 15.
Qxd3 Qc7 16. Rb1 Qc6 17. O-O Ne7 18. Be3 c4 19. Qc2 Nc8 20. Ne4 d5 21. Ng5 h6
22. Nh3 Nb3 23. f4 Ne7 24. Rbe1 a5 25. g4 g6 26. Nf2 Rc8 27. Nh1 h5 28. h3 hxg4
29. hxg4 Kg7 30. f5 gxf5 31. Bg5 Kf8 32. Bf6 Rg8 33. g5 b5 34. Rf3 b4 35. axb4
axb4 36. Ng3 bxc3 37. Qxc3 Qb6 38. Ne2 Nc6 39. Rd1 Ra8 40. Rh3 Ra2 41. Kf1 Qb4
42. Qg3 Nd2+ 43. Kg1 Ne4 44. Qh4 Nxf6 45. exf6 Rxe2 46. Ra1 Qb2 47. Rha3 Rg2+
48. Kh1 R2xg5 49. Qh2 Qxh2+ 50. Kxh2 Rh5+ 51. Rh3 Rxh3+ 52. Kxh3 Ke8 53. Ra8+
Nd8 54. Ra7 Rg6 55. Re7+ Kf8 0-1

[Event "IX Festival A"]
[Site "Campobasso ITA"]
[Date "2002.07.13"]
[Round "4"]
[White "Scalcione, Michelangelo"]
[Black "Ljubisavljevic, Zivojin Z."]
[Result "0-1"]
[WhiteElo "2368"]
[BlackElo "2275"]
[PlyCount "78"]
[EventDate "2002.07.12"]

1. Nf3 c5 2. c4 Nc6 3. d4 cxd4 4. Nxd4 Qb6 5. Nb3 g6 6. Nc3 Bg7 7. Nd5 Qd8 8.
Bf4 d6 9. Qd2 Nf6 10. f3 a5 11. Bh6 Bxh6 12. Nxf6+ exf6 13. Qxh6 a4 14. Qe3+
Kf8 15. Nd4 Kg7 16. O-O-O Re8 17. Qc3 Nxd4 18. Qxd4 Be6 19. e4 b5 20. Kb1 a3
21. b3 bxc4 22. Bxc4 Bxc4 23. Qxc4 Re6 24. h4 Rc8 25. Qd4 Qa5 26. h5 gxh5 27.
Rd2 Re5 28. Rc1 Rxc1+ 29. Kxc1 Rc5+ 30. Kd1 Rg5 31. Rc2 d5 32. Rc6 Qd8 33. g4
Qe7 34. gxh5 Rxh5 35. Rc5 Qd6 36. Rxd5 Rh1+ 37. Kc2 Qf4 38. Qd2 Rh2 39. Qxh2
Qxh2+ 0-1

[Event "IX Festival A"]
[Site "Campobasso ITA"]
[Date "2002.07.13"]
[Round "4"]
[White "Shytaj, Luca"]
[Black "Piro, Valerio"]
[Result "0-1"]
[WhiteElo "2216"]
[BlackElo "1705"]
[PlyCount "76"]
[EventDate "2002.07.12"]

1. e4 c5 2. Nf3 Nc6 3. d4 cxd4 4. Nxd4 Nf6 5. Nc3 d6 6. Be2 e5 7. Nb3 Be7 8.
Be3 Be6 9. O-O O-O 10. f4 exf4 11. Bxf4 Ne5 12. Qd4 Nfd7 13. Nb5 Nc6 14. Qd2
Nde5 15. Rfd1 Qb8 16. N3d4 d5 17. Nxe6 fxe6 18. exd5 exd5 19. Qxd5+ Kh8 20. Bg3
a6 21. Nd4 Qa7 22. Bxe5 Nxe5 23. Qxe5 Bf6 24. Qe4 Rae8 25. Qg4 Bxd4+ 26. Rxd4
Rxe2 27. Kh1 Ref2 28. h4 Qb8 29. Kg1 Qe5 30. Rad1 h5 31. Rd5 Qxd5 32. Rxd5 hxg4
33. Kh2 Rxc2 34. Kg3 Rxb2 35. a4 Rff2 36. Kxg4 Rxg2+ 37. Kh5 Kh7 38. Rd7 Rbd2
0-1

[Event "IX Festival A"]
[Site "Campobasso ITA"]
[Date "2002.07.13"]
[Round "4"]
[White "Zaja, Ivan"]
[Black "Collutiis, Duilio"]
[Result "1/2-1/2"]
[WhiteElo "2459"]
[BlackElo "2308"]
[PlyCount "37"]
[EventDate "2002.07.12"]

1. d4 Nf6 2. c4 c5 3. d5 b5 4. cxb5 a6 5. bxa6 g6 6. Nc3 Bxa6 7. e4 Bxf1 8.
Kxf1 d6 9. Nf3 Bg7 10. g3 O-O 11. Kg2 Nbd7 12. Re1 Ra6 13. Qc2 Qa8 14. a4 Rb8
15. Ra3 Rb4 16. b3 c4 17. bxc4 Rxc4 18. Qd3 Rb4 19. Qd1 1/2-1/2

[Event "IX Festival A"]
[Site "Campobasso ITA"]
[Date "2002.07.14"]
[Round "5"]
[White "Cappai, Davide"]
[Black "Scalcione, Michelangelo"]
[Result "0-1"]
[WhiteElo "1774"]
[BlackElo "2368"]
[PlyCount "30"]
[EventDate "2002.07.12"]

1. e4 e5 2. d4 exd4 3. f4 d5 4. e5 Bb4+ 5. Bd2 Bc5 6. Nf3 Nh6 7. Bd3 Nc6 8. O-O
Bf5 9. Ng5 Qe7 10. a3 Bxd3 11. cxd3 Nf5 12. b4 Bb6 13. Re1 Ne3 14. Qc1 Nxe5 15.
fxe5 Qxg5 0-1

[Event "IX Festival A"]
[Site "Campobasso ITA"]
[Date "2002.07.14"]
[Round "5"]
[White "Collutiis, Duilio"]
[Black "Piro, Valerio"]
[Result "1/2-1/2"]
[WhiteElo "2308"]
[BlackElo "1705"]
[PlyCount "103"]
[EventDate "2002.07.12"]

1. e4 c5 2. Nc3 Nc6 3. Bb5 a6 4. Bxc6 bxc6 5. d3 d5 6. Bd2 e5 7. Qe2 d4 8. Nd1
Be6 9. f4 exf4 10. Bxf4 Bd6 11. Bxd6 Qxd6 12. Nf3 Ne7 13. O-O O-O 14. b3 Ng6
15. Nf2 Ne5 16. Nxe5 Qxe5 17. Rae1 Rae8 18. Nd1 Rb8 19. Qd2 Qc7 20. Nb2 Qb6 21.
Na4 Qb4 22. Rf2 Qxd2 23. Rxd2 Rb5 24. Rc1 f5 25. exf5 Rxf5 26. Re1 Bf7 27. h3
Rb8 28. Rde2 Rf8 29. Re5 Rf4 30. Nxc5 Bd5 31. Re8 Rxe8 32. Rxe8+ Kf7 33. Re2 a5
34. Rf2 Rxf2 35. Kxf2 Ke7 36. a4 Kd6 37. Nb7+ Kc7 38. Nxa5 Kb6 39. Nc4+ Kc5 40.
g3 Kb4 41. Ke2 Kc3 42. Nb6 Bg2 43. a5 Kxc2 44. a6 Kxb3 45. a7 c5 46. a8=Q Bxa8
47. Nxa8 c4 48. Kd1 c3 49. Kc1 c2 50. Nc7 Kc3 51. Nd5+ Kxd3 52. g4 1/2-1/2

[Event "IX Festival A"]
[Site "Campobasso ITA"]
[Date "2002.07.14"]
[Round "5"]
[White "Gardon, Ermanno"]
[Black "Rossi, Aldo A."]
[Result "0-1"]
[WhiteElo "2108"]
[BlackElo "1713"]
[PlyCount "72"]
[EventDate "2002.07.12"]

1. e4 c5 2. Nf3 d6 3. d4 cxd4 4. Nxd4 Nf6 5. Nc3 g6 6. Be2 Bg7 7. O-O O-O 8.
Nb3 Nc6 9. Be3 Be6 10. f4 Rc8 11. Kh1 a6 12. a4 Na5 13. Nxa5 Qxa5 14. Bf3 Rc4
15. Qe1 Rfc8 16. Bd2 Qc7 17. Be2 Rxe4 18. Nxe4 Nxe4 19. c3 Qb6 20. Bf3 Nc5 21.
Bc1 Nd3 22. Qd2 Bc4 23. Be2 Nf2+ 24. Rxf2 Qxf2 25. Bxc4 Qxd2 26. Bxf7+ Kxf7 27.
Bxd2 Rc4 28. g3 Re4 29. Kg1 Re2 30. Rd1 Ke6 31. Re1 Rxe1+ 32. Bxe1 Kd5 33. b3
Ke4 34. c4 Kd3 35. Ba5 Bd4+ 36. Kg2 b6 0-1

[Event "IX Festival A"]
[Site "Campobasso ITA"]
[Date "2002.07.14"]
[Round "5"]
[White "Grimaldi, Pasquale"]
[Black "Gagliardi, Pietro"]
[Result "0-1"]
[WhiteElo "1702"]
[BlackElo "2205"]
[PlyCount "94"]
[EventDate "2002.07.12"]

1. Nf3 d5 2. b3 c6 3. Bb2 Bf5 4. Nh4 Bg6 5. Nxg6 hxg6 6. d4 e6 7. a3 Nd7 8. e3
Ngf6 9. f3 Bd6 10. f4 Ne4 11. Qf3 Qh4+ 12. Ke2 Ng3+ 13. hxg3 Qxh1 14. Nd2 f5
15. g4 fxg4 16. Qxg4 Qh5 17. Kf3 Qxg4+ 18. Kxg4 Nf6+ 19. Kf3 Kf7 20. Bd3 Rh2
21. Nf1 Rh1 22. g3 Rah8 23. Kg2 Be7 24. Be2 Ne4 25. Bf3 Nd2 26. Kf2 Nxf3 27.
Kxf3 g5 28. c4 gxf4 29. exf4 g5 30. c5 gxf4 31. Kxf4 Kg6 32. Kf3 Rg1 33. Kf2
Rhh1 34. Re1 Kf7 35. Bc1 Bf6 36. Be3 e5 37. dxe5 Bxe5 38. b4 Bxg3+ 39. Ke2 Bxe1
40. Bxg1 Bxb4 41. Bd4 Bxa3 42. Ng3 Rb1 43. Nf5 a5 44. Ne3 Bb2 45. Bxb2 Rxb2+
46. Kd3 a4 47. Nd1 a3 0-1

[Event "IX Festival A"]
[Site "Campobasso ITA"]
[Date "2002.07.14"]
[Round "5"]
[White "Kasparov, Sergey"]
[Black "Petruccioli, Antonio"]
[Result "1-0"]
[WhiteElo "2462"]
[BlackElo "2078"]
[PlyCount "69"]
[EventDate "2002.07.12"]

1. e4 c5 2. Nf3 e6 3. d3 d5 4. Nbd2 Nc6 5. c3 Nf6 6. Be2 Be7 7. O-O O-O 8. a3
e5 9. b4 a6 10. Bb2 d4 11. Nc4 Qc7 12. bxc5 Bxc5 13. Rc1 b5 14. Ncxe5 dxc3 15.
Nxc6 Qxc6 16. Bxc3 Qb6 17. Qb3 Ng4 18. d4 Be7 19. Qb2 Re8 20. Bd3 Qg6 21. h3
Nf6 22. Ne5 Qh6 23. Bd2 g5 24. Rfe1 Qh5 25. Re3 Bd6 26. Be2 Qh6 27. Bb4 Bxe5
28. dxe5 Nh5 29. Bxh5 Qxh5 30. Rg3 Qh4 31. e6 Bxe6 32. Qf6 h6 33. Bc3 Kf8 34.
Qg7+ Ke7 35. Bb4+ 1-0

[Event "IX Festival A"]
[Site "Campobasso ITA"]
[Date "2002.07.14"]
[Round "5"]
[White "Ljubisavljevic, Zivojin Z."]
[Black "Zaja, Ivan"]
[Result "1/2-1/2"]
[WhiteElo "2275"]
[BlackElo "2459"]
[PlyCount "54"]
[EventDate "2002.07.12"]

1. d4 Nf6 2. Nf3 e6 3. c3 b6 4. Bg5 Bb7 5. Nbd2 h6 6. Bxf6 Qxf6 7. g3 d6 8. Bg2
Nd7 9. O-O Qd8 10. Qa4 Be7 11. Ne1 Bxg2 12. Nxg2 O-O 13. f4 d5 14. e4 dxe4 15.
Nxe4 Nf6 16. Nxf6+ Bxf6 17. Qc6 Qd5 18. Qxd5 exd5 19. Ne3 c6 20. Ng4 Rae8 21.
Rfe1 Bd8 22. Kf2 f6 23. Rxe8 Rxe8 24. Re1 Rxe1 25. Kxe1 h5 26. Ne3 Bc7 27. Ke2
g6 1/2-1/2

[Event "IX Festival A"]
[Site "Campobasso ITA"]
[Date "2002.07.14"]
[Round "5"]
[White "Lorusso, Giuseppe"]
[Black "Decataldo, Alba"]
[Result "1-0"]
[WhiteElo "1708"]
[BlackElo "1899"]
[PlyCount "76"]
[EventDate "2002.07.12"]

1. d4 d5 2. c4 Nc6 3. Nf3 Bg4 4. e3 dxc4 5. Bxc4 e5 6. Qb3 Qd7 7. Bxf7+ Qxf7 8.
Qxb7 Rd8 9. Qxc6+ Bd7 10. Qe4 Qc4 11. Nbd2 Nf6 12. Qxe5+ Qe6 13. O-O Bd6 14.
Qxe6+ Bxe6 15. b3 O-O 16. Bb2 c5 17. Rac1 cxd4 18. Nxd4 Bd5 19. Nc4 Bb8 20. Nf5
Ng4 21. Ne7+ Kh8 22. Nxd5 Bxh2+ 23. Kh1 Rxd5 24. f3 Nxe3 25. Nxe3 Rh5 26. g4
Rh6 27. Nf5 Be5+ 28. Nxh6 Bxb2 29. Nf7+ Kg8 30. Rc7 Rxf7 31. Rxf7 Kxf7 32. Rf2
Bc3 33. Rc2 Be5 34. Rc5 Bd4 35. Rd5 Bb6 36. Rd7+ Kf6 37. Kg2 h6 38. f4 Bc5 1-0

[Event "IX Festival A"]
[Site "Campobasso ITA"]
[Date "2002.07.14"]
[Round "5"]
[White "Mrdja, Milan"]
[Black "Ragnoni, Alessandro"]
[Result "1-0"]
[WhiteElo "2370"]
[BlackElo "1756"]
[PlyCount "37"]
[EventDate "2002.07.12"]

1. e4 e5 2. Nf3 Nf6 3. Nc3 Bb4 4. Nxe5 Qe7 5. Nf3 Bxc3 6. dxc3 Nxe4 7. Be2 O-O
8. O-O d6 9. Re1 f5 10. Bd3 d5 11. c4 c6 12. cxd5 cxd5 13. c4 dxc4 14. Bxc4+
Be6 15. Bxe6+ Qxe6 16. Ng5 Qc6 17. Qb3+ Kh8 18. Nf7+ Rxf7 19. Qxf7 1-0

[Event "IX Festival A"]
[Site "Campobasso ITA"]
[Date "2002.07.14"]
[Round "5"]
[White "Parrotta, Daniele"]
[Black "Lorusso, Lucio"]
[Result "1-0"]
[WhiteElo "1768"]
[BlackElo "1902"]
[PlyCount "45"]
[EventDate "2002.07.12"]

1. e4 c6 2. Nc3 d5 3. Qf3 d4 4. Bc4 e6 5. Nce2 b5 6. Bb3 Bb7 7. d3 c5 8. Qg3
Nc6 9. Nf3 Qd7 10. a4 Na5 11. Ba2 bxa4 12. Ne5 Qe7 13. Bd2 Nc6 14. Nc4 Nf6 15.
O-O g6 16. Bg5 Nh5 17. Qh4 f6 18. Bd2 e5 19. f4 Nxf4 20. Nxf4 exf4 21. Bxf4
O-O-O 22. Qh3+ Qd7 23. Nb6+ 1-0

[Event "IX Festival A"]
[Site "Campobasso ITA"]
[Date "2002.07.14"]
[Round "5"]
[White "Passerotti, Pierluigi"]
[Black "Orfali, Marcelo Rafael"]
[Result "1-0"]
[WhiteElo "2284"]
[BlackElo "1800"]
[PlyCount "115"]
[EventDate "2002.07.12"]

1. d4 f5 2. c4 e6 3. Nf3 Nf6 4. e3 c6 5. Bd3 d5 6. O-O Bd6 7. b3 O-O 8. Ba3 Qe7
9. Bxd6 Qxd6 10. Nc3 Ne4 11. Qc2 Nd7 12. Ne1 Rf6 13. f3 Ng5 14. cxd5 cxd5 15.
Nb5 Qe7 16. Nxa7 Nb6 17. Nb5 Rh6 18. Qc5 Qd8 19. Qc7 Bd7 20. Qxd8+ Rxd8 21. Rc1
Bc6 22. Rf2 Nc8 23. Rfc2 Nf7 24. f4 g5 25. Nf3 gxf4 26. exf4 Kh8 27. a4 Rg8 28.
Ne5 Nxe5 29. dxe5 Rg4 30. Rf2 Ne7 31. g3 d4 32. Kf1 Rxg3 33. hxg3 Rh1+ 34. Ke2
Rxc1 35. Nxd4 Bd5 36. Rf1 Rc8 37. Rg1 Rg8 38. Bc4 Ng6 39. Rc1 Rc8 40. Kd2 Rd8
41. Ke3 Rc8 42. Rc2 Ne7 43. Bxd5 Nxd5+ 44. Kd2 Rg8 45. Nxe6 Rxg3 46. Rc8+ Rg8
47. Rc5 Ne7 48. Rc7 Rg2+ 49. Ke1 Nd5 50. Rd7 Nc3 51. Kf1 Rg3 52. Rxb7 h5 53.
Rb8+ Kh7 54. Ng5+ Kg6 55. Rg8+ Kh6 56. Nf7+ Kh7 57. Rxg3 Ne4 58. Ng5+ 1-0

[Event "IX Festival A"]
[Site "Campobasso ITA"]
[Date "2002.07.14"]
[Round "5"]
[White "Piscopo, Pierluigi"]
[Black "Ficco, Corrado"]
[Result "1-0"]
[WhiteElo "2289"]
[BlackElo "2124"]
[PlyCount "56"]
[EventDate "2002.07.12"]

1. e4 e6 2. d4 d5 3. Nc3 Nf6 4. Bg5 Bb4 5. exd5 Qxd5 6. Bxf6 Bxc3+ 7. bxc3 gxf6
8. Qd2 c5 9. Nf3 Nc6 10. Be2 cxd4 11. cxd4 Bd7 12. Rb1 Qxa2 13. O-O b6 14. Qe3
Qd5 15. c4 Qd6 16. d5 Ne7 17. dxe6 Qxe6 18. Qa3 O-O 19. Nd4 Qe5 20. Bf3 Rad8
21. Nb5 Ng6 22. Rfe1 Qg5 23. Nd6 Ne5 24. Bd5 Bf5 25. Rbd1 Rd7 26. f4 Qxf4 27.
Rf1 Qxf1+ 28. Rxf1 Bd3 1-0

[Event "IX Festival A"]
[Site "Campobasso ITA"]
[Date "2002.07.14"]
[Round "5"]
[White "Rossetti, Giovanni"]
[Black "Di Giulio, Massimo"]
[Result "1/2-1/2"]
[WhiteElo "1827"]
[BlackElo "1651"]
[PlyCount "60"]
[EventDate "2002.07.12"]

1. d4 Nf6 2. c4 g6 3. Nc3 Bg7 4. e4 d6 5. Be2 O-O 6. Be3 e5 7. d5 Nbd7 8. Qd2
Nc5 9. f3 a5 10. h4 Nh5 11. g4 Nf4 12. O-O-O f5 13. Nh3 Nxe2+ 14. Qxe2 fxg4 15.
fxg4 Qxh4 16. Nf2 Qe7 17. g5 Rf7 18. Ng4 Bxg4 19. Qxg4 Qd7 20. Qh4 Bh8 21. Rh3
Raf8 22. Kc2 Rf1 23. Rd2 R8f3 24. Rdh2 Rxh3 25. Rxh3 Rf7 26. Rh2 Rf3 27. Kd2 b6
28. Nd1 Rf7 29. Nc3 Na4 30. Nd1 Nc5 1/2-1/2

[Event "IX Festival A"]
[Site "Campobasso ITA"]
[Date "2002.07.14"]
[Round "5"]
[White "Sacchini, Marco"]
[Black "Gaoni, Vincenzo"]
[Result "1-0"]
[WhiteElo "2047"]
[BlackElo "1755"]
[PlyCount "41"]
[EventDate "2002.07.12"]

1. d4 d5 2. c4 e6 3. Nc3 Nf6 4. cxd5 exd5 5. Bg5 Be7 6. e3 Bf5 7. Qb3 O-O 8.
Bxf6 Bxf6 9. Nxd5 Nc6 10. Nxf6+ Qxf6 11. Nf3 Rfe8 12. Be2 Rad8 13. O-O g5 14.
Bb5 g4 15. Bxc6 gxf3 16. Bxf3 Be4 17. Bxe4 Rxe4 18. Qxb7 c6 19. Rac1 Rd6 20.
Rc5 Rg4 21. Qc8+ 1-0